000 00706nam a2200229 a 4500
001 000005689
005 20240530073911.0
008 090821s2009 dr 000 f spa d
020 _a9789993456889
040 _aDO-SdBNP
_bspa
_cBNPHU
082 _aRD863.44
_bA445d, 2009
100 1 _aAlmánzar R., Armando,
_d1935-2017
_916073
245 1 0 _aDesconocido en el parque /
_cArmando Almánzar.
260 _aSanto Domingo :
_bNorma,
_c2009.
300 _a125 p. ;
_c21 cm.
490 1 _aLa otra orilla
590 _aInventariado, 2019 / DG
650 0 _aNovela dominicana
_9223
650 0 _aLiteratura dominicana.
_967
830 0 _aLa otra orilla
_91904
910 _aValidado. Control de calidad. MMOLINA
999 _c5486
_d5486